<?xml version="1.0" encoding="UTF-8"?><?xml-stylesheet type="text/xsl" href="static/style.xsl"?><OAI-PMH xmlns="http://www.openarchives.org/OAI/2.0/" xmlns:xsi="http://www.w3.org/2001/XMLSchema-instance" xsi:schemaLocation="http://www.openarchives.org/OAI/2.0/ http://www.openarchives.org/OAI/2.0/OAI-PMH.xsd"><responseDate>2026-04-17T06:36:11Z</responseDate><request verb="GetRecord" identifier="oai:www.recercat.cat:10230/71427" metadataPrefix="marc">https://recercat.cat/oai/request</request><GetRecord><record><header><identifier>oai:recercat.cat:10230/71427</identifier><datestamp>2025-10-09T06:06:53Z</datestamp><setSpec>com_2072_6</setSpec><setSpec>col_2072_452953</setSpec></header><metadata><record xmlns="http://www.loc.gov/MARC21/slim" xmlns:dcterms="http://purl.org/dc/terms/" xmlns:xsi="http://www.w3.org/2001/XMLSchema-instance" xmlns:doc="http://www.lyncode.com/xoai" xsi:schemaLocation="http://www.loc.gov/MARC21/slim http://www.loc.gov/standards/marcxml/schema/MARC21slim.xsd">
   <leader>00925njm 22002777a 4500</leader>
   <datafield ind2=" " ind1=" " tag="042">
      <subfield code="a">dc</subfield>
   </datafield>
   <datafield ind2=" " ind1=" " tag="720">
      <subfield code="a">Glab Frontera, Leonard</subfield>
      <subfield code="e">author</subfield>
   </datafield>
   <datafield ind2=" " ind1=" " tag="260">
      <subfield code="c">2025-10-07T09:30:23Z</subfield>
   </datafield>
   <datafield ind2=" " ind1=" " tag="260">
      <subfield code="c">2025-10-07T09:30:23Z</subfield>
   </datafield>
   <datafield ind2=" " ind1=" " tag="260">
      <subfield code="c">2025-08-20</subfield>
   </datafield>
   <datafield ind2=" " ind1=" " tag="520">
      <subfield code="a">This research investigates (RQ#1) how  cooperation  can  emerge  in  intercultural  crisis  and conflict  environments. It develops and applies the ECOOPx, a six-dimensional framework to analyze cooperation dynamics across diverse crisis stages. Through a mixed-methods approach and multi-scenario case studies in international politics, business,  education, and society, the study identifies both readiness and resistance patterns shaping cooperation outcomes.
Key  findings  highlight  the  decisive  role  of  relational  dimensions  in  sustaining  long-term cooperation, the strengthening effect of early conflict resolution, the importance of collective memory and early crisis detection, and the positive  contribution of cultural diversity, which enhances creativity and problem-solving despite generating leadership tensions.
This is an ongoing and open-ended research project that engages with increasingly complex realities, continuously deepening  and  expanding  its  conclusions  while  examining  the transformational changes that define our times.</subfield>
   </datafield>
   <datafield ind1="8" ind2=" " tag="024">
      <subfield code="a">http://hdl.handle.net/10230/71427</subfield>
   </datafield>
   <datafield tag="653" ind2=" " ind1=" ">
      <subfield code="a">Cooperation</subfield>
   </datafield>
   <datafield tag="653" ind2=" " ind1=" ">
      <subfield code="a">Intercultural</subfield>
   </datafield>
   <datafield tag="653" ind2=" " ind1=" ">
      <subfield code="a">Conflict</subfield>
   </datafield>
   <datafield tag="653" ind2=" " ind1=" ">
      <subfield code="a">Crisis</subfield>
   </datafield>
   <datafield ind2="0" ind1="0" tag="245">
      <subfield code="a">Cooperation in intercultural crisis and conflict environments research</subfield>
   </datafield>
</record></metadata></record></GetRecord></OAI-PMH>